[Event "Novokuznetsk SFO-ch U17"]
[Site "Novokuznetsk"]
[Date "2014.11.09"]
[Round "8"]
[White "Shulajakov, Alexander"]
[Black "Komov, Roman"]
[Result "1/2-1/2"]
[WhiteElo "2051"]
[BlackElo "2000"]
[PlyCount "100"]
[EventDate "2014.11.02"]
[EventType "swiss"]
[EventRounds "9"]
[EventCountry "RUS"]
[SourceTitle "CBM 163 Extra"]
[Source "ChessBase"]
[SourceDate "2014.12.23"]
[SourceVersion "1"]
[SourceVersionDate "2014.12.23"]
[SourceQuality "1"]

1. f4 d5 2. e3 Nf6 3. Nf3 g6 4. b3 Bg7 5. Bb2 0-0 6. d4 c5 7. Bd3 b6 8. Qe2 Qc7 9. Ne5 Bb7 10. 0-0 Nbd7 11. Nd2 Ne4 12. c4 Nxd2 13. Qxd2 dxc4 14. bxc4 Rad8 15. Rfd1 e6 16. Rac1 cxd4 17. exd4 Nxe5 18. fxe5 f6 19. Ba3 Rf7 20. Bd6 Qc6 21. d5 Qe8 22. dxe6 Qxe6 23. c5 bxc5 24. Bc4 Qg4 25. Bxf7+ Kxf7 26. Qb2 Rd7 27. Qb3+ c4 28. Qxc4+ Qxc4 29. Rxc4 fxe5 30. Rc7 Rxc7 31. Bxc7 Ke6 32. Rd8 Ke7 33. Kf2 e4 34. Rd1 e3+ 35. Kxe3 Bxg2 36. Bd6+ Ke6 37. Bb8 Bd5 38. a4 a6 39. Rb1 Bc4 40. Rb7 Bf8 41. Kd4 Be2 42. Rxh7 Be7 43. Ke3 Bd1 44. a5 Ba4 45. Rg7 Be8 46. Rg8 Kf7 47. Rh8 Bb5 48. Bc7 Ke6 49. Kf4 Kf7 50. Bd8 Kg7 1/2-1/2

[Event "Novokuznetsk Kuzbass op"]
[Site "Novokuznetsk"]
[Date "2014.08.11"]
[Round "1"]
[White "Shulajakov, Alexander"]
[Black "Petrukhina, Irina"]
[Result "0-1"]
[WhiteElo "1913"]
[BlackElo "2182"]
[PlyCount "100"]
[EventDate "2014.08.11"]
[EventType "swiss"]
[EventRounds "9"]
[EventCountry "RUS"]
[SourceTitle "CBM 162 Extra"]
[Source "ChessBase"]
[SourceDate "2014.10.17"]
[SourceVersion "1"]
[SourceVersionDate "2014.10.17"]
[SourceQuality "1"]

1. Nf3 Nf6 2. d4 g6 3. c4 Bg7 4. Nc3 d5 5. Bf4 0-0 6. e3 c5 7. dxc5 Qa5 8. Rc1 dxc4 9. Bxc4 Qxc5 10. Bb3 Nc6 11. 0-0 Qa5 12. Qe2 Bg4 13. h3 Bxf3 14. Qxf3 e5 15. Bg5 e4 16. Qf4 Nh5 17. Qh4 h6 18. Be7 Rfe8 19. Bd6 Rad8 20. Nxe4 Bxb2 21. Rc5 Qb4 22. Re5 Qb6 23. Rxh5 gxh5 24. Bxf7+ Kxf7 25. Qxh5+ Kg7 26. Qg4+ Kh8 27. Qg6 Rxe4 28. Qxh6+ Kg8 29. Qg5+ Kf7 30. Qf5+ Bf6 31. Bc5 Qa5 32. Qh7+ Bg7 33. Qxe4 Qxc5 34. Rb1 b6 35. Qf4+ Kg8 36. Qg4 Ne5 37. Qe6+ Kh8 38. Qf5 Nd3 39. Qe4 Qd5 40. Qg4 Ne5 41. Qh4+ Kg8 42. Rc1 Qd6 43. Qa4 Nd3 44. Rc6 Qb4 45. Qc2 Qe1+ 46. Kh2 Qxf2 47. Qc4+ Kh8 48. Re6 Be5+ 49. Rxe5 Nxe5 50. Qc3 Qf6 0-1

[Event "Novokuznetsk Kuzbass op"]
[Site "Novokuznetsk"]
[Date "2014.??.??"]
[Round "4"]
[White "Permyakov, Evgeniy"]
[Black "Shulajakov, Alexander"]
[Result "1-0"]
[WhiteElo "2105"]
[BlackElo "1825"]
[PlyCount "107"]
[EventDate "2014.08.11"]
[EventType "swiss"]
[EventRounds "9"]
[EventCountry "RUS"]
[SourceTitle "CBM 162 Extra"]
[Source "ChessBase"]
[SourceDate "2014.10.17"]
[SourceVersion "1"]
[SourceVersionDate "2014.10.17"]
[SourceQuality "1"]

1. d4 e6 2. c4 f5 3. g3 d5 4. Bg2 c6 5. Nf3 Bd6 6. 0-0 Nf6 7. b3 Qe7 8. Bb2 0-0 9. Nbd2 b6 10. Ne5 Bb7 11. Ndf3 Na6 12. Rc1 Rac8 13. Nd3 c5 14. cxd5 exd5 15. dxc5 bxc5 16. e3 Ne4 17. Nf4 Nc7 18. h4 Rcd8 19. Qc2 Ne8 20. Rfd1 N8f6 21. Bxf6 Qxf6 22. Ng5 Rd7 23. Nxe4 fxe4 24. Bh3 Rdd8 25. Be6+ Kh8 26. Bxd5 Bxd5 27. Rxd5 Bxf4 28. Rxd8 Rxd8 29. exf4 e3 30. fxe3 h6 31. Rd1 Re8 32. Qxc5 Qg6 33. Kf2 Qg4 34. Qd5 Rc8 35. Rd2 Qh3 36. Qd7 Qh2+ 37. Kf3 Qh1+ 38. Kg4 h5+ 39. Kg5 Rf8 40. Qe7 Kg8 41. Rd8 Rxd8 42. Qxd8+ Kh7 43. Qd3+ Kh8 44. e4 Qc1 45. Qd8+ Kh7 46. Qe8 a5 47. Qxh5+ Kg8 48. Qe8+ Kh7 49. Qg6+ Kh8 50. Qe6 Qc3 51. g4 Qc5+ 52. Kg6 Qf8 53. Qe5 a4 54. Qh5+ 1-0

[Event "Novokuznetsk Summer op"]
[Site "Novokuznetsk"]
[Date "2013.06.24"]
[Round "6"]
[White "Buts, Nikita"]
[Black "Shulajakov, Alexander"]
[Result "1-0"]
[WhiteElo "1976"]
[BlackElo "1838"]
[PlyCount "89"]
[EventDate "2013.06.17"]
[EventType "swiss"]
[EventRounds "9"]
[EventCountry "RUS"]
[SourceTitle "EXT 2014"]
[Source "ChessBase"]
[SourceDate "2013.11.20"]
[SourceVersion "1"]
[SourceVersionDate "2013.11.20"]
[SourceQuality "1"]

1. e4 e6 2. d3 c5 3. Nd2 Nc6 4. Ngf3 g6 5. g3 Bg7 6. Bg2 Nge7 7. 0-0 0-0 8. Re1 d6 9. c3 Rb8 10. Qc2 b5 11. Rb1 b4 12. c4 a5 13. a4 b3 14. Nxb3 Nb4 15. Qe2 Bd7 16. Nbd2 Bxa4 17. b3 Bc6 18. Bb2 a4 19. Bxg7 Kxg7 20. bxa4 Bxa4 21. Nb3 Qc7 22. Nfd2 Nec6 23. f4 f5 24. e5 Nc2 25. exd6 Qxd6 26. Qxe6 Qxe6 27. Rxe6 Bxb3 28. Rxc6 Ba2 29. Rxb8 Rxb8 30. Rxc5 Re8 31. Re5 Rd8 32. Bf1 Nb4 33. Ra5 Kf6 34. Ra4 Rb8 35. d4 Ke6 36. Nf3 Bb3 37. Ra5 Bd1 38. Ng5+ Kd6 39. Nf7+ Ke7 40. Ne5 Rc8 41. d5 Rc7 42. Bg2 Bb3 43. Rb5 Bxc4 44. Rxb4 Be2 45. Rb6 1-0

[Event "Novokuznetsk Winter op"]
[Site "Novokuznetsk"]
[Date "2013.01.08"]
[Round "5"]
[White "Kosheparova, Tatiana"]
[Black "Shulajakov, Alexander"]
[Result "0-1"]
[WhiteElo "1931"]
[BlackElo "1833"]
[PlyCount "88"]
[EventDate "2013.01.03"]
[EventType "swiss"]
[EventRounds "9"]
[EventCountry "RUS"]
[SourceTitle "CBM 152 Extra"]
[Source "ChessBase"]
[SourceDate "2013.02.25"]
[SourceVersion "1"]
[SourceVersionDate "2013.02.25"]
[SourceQuality "1"]

1. e4 e6 2. d4 d5 3. Nc3 dxe4 4. Nxe4 Nd7 5. Nf3 Ngf6 6. Bd3 Nxe4 7. Bxe4 Nf6 8. Bg5 Be7 9. Bxf6 gxf6 10. Qe2 c6 11. c3 Qc7 12. 0-0 b6 13. Rad1 Bb7 14. Rfe1 0-0-0 15. b4 Bd6 16. a4 Rdg8 17. h3 Rg7 18. Kh1 Rhg8 19. Rg1 Kb8 20. b5 f5 21. Bxc6 Bxc6 22. bxc6 Qxc6 23. a5 Qd7 24. axb6 axb6 25. Rb1 Bc7 26. c4 Kc8 27. c5 bxc5 28. Qa6+ Kd8 29. dxc5 Ke7 30. Rgd1 Qc8 31. Rb7 Kf6 32. Qa1+ Kg6 33. c6 h6 34. Rd7 Bf4 35. Nh4+ Kh5 36. Qa4 e5 37. Nxf5 Rxg2 38. Ng3+ R2xg3 39. fxg3 Rxg3 40. Rb2 Rxh3+ 41. Kg1 Qg8+ 42. Kf1 Rh1+ 43. Ke2 Qg2+ 44. Kd3 Qxb2 0-1